LEADER 02963nam 2200661Ia 450 001 9910953689503321 005 20200520144314.0 010 $a9786613410887 010 $a9781444355208 010 $a1444355201 010 $a9781444355215 010 $a144435521X 010 $a9781444355239 010 $a1444355236 010 $a9781283410885 010 $a1283410885 010 $a9781782688129 010 $a1782688129 035 $a(CKB)24989763500041 035 $a(MiAaPQ)EBC832778 035 $a(OCoLC)778434025 035 $a(MiAaPQ)EBC4041805 035 $a(MiAaPQ)EBC7104631 035 $a(Au-PeEL)EBL832778 035 $a(CaPaEBR)ebr10523977 035 $a(OCoLC)771876071 035 $a(Au-PeEL)EBL7104631 035 $a(OCoLC)1347028065 035 $a(Perlego)1003681 035 $a(Perlego)2783796 035 $a(EXLCZ)9924989763500041 100 $a20110817d2012 uy 0 101 0 $aeng 135 $aur||||||||||| 181 $ctxt$2rdacontent 182 $cc$2rdamedia 183 $acr$2rdacarrier 200 14$aThe British and Irish short story handbook /$fDavid Malcolm 210 $aHoboken, NJ $cJohn Wiley & Sons Inc.$d2012 215 $a1 online resource 320 $aIncludes bibliographical references and index. 330 8 $aThe British and Irish Short Story Handbook guides readers through the development of the short story and the unique critical issues involved in discussions of short fiction. It includes a wide-ranging analysis of non-canonical and non-realist writers as well as the major authors and their works, providing a comprehensive and much-needed appraisal of this area. * Guides readers through the development of the short story and critical issues involved in discussions of short fiction * Offers a detailed discussion of the range of genres in the British and Irish short story * Includes extensive analysis of non-canonical writers, such as Hubert Crackanthorpe, Ella D'Arcy, T.F. Powys, A.E. Coppard, Julian Maclaren-Ross, Mollie Panter-Downes, Denton Welch, and Sylvia Townsend Warner * Provide a wide-ranging discussion of non-realist and experimental short stories * Includes a large section on the British short story in the Second World War 517 3 $aShort story handbook 606 $aEnglish fiction$xIrish authors$xHistory and criticism$vHandbooks, manuals, etc 606 $aShort stories, English$xHistory and criticism$vHandbooks, manuals, etc 606 $aShort story$vHandbooks, manuals, etc 615 0$aEnglish fiction$xIrish authors$xHistory and criticism 615 0$aShort stories, English$xHistory and criticism 615 0$aShort story 676 $a823.009/9417 700 $aMalcolm$b David$f1952-$0623044 801 0$bMiAaPQ 801 1$bMiAaPQ 801 2$bMiAaPQ 906 $aBOOK 912 $a9910953689503321 996 $aThe British and Irish short story handbook$94356984 997 $aUNINA